আমিনুল ইসলাম চৌধুরী : (Record no. 48842)
[ view plain ]
| 000 -LEADER | |
|---|---|
| fixed length control field | 01049nam a2200241 a 4500 |
| 001 - CONTROL NUMBER | |
| control field | 48842 |
| 003 - CONTROL NUMBER IDENTIFIER | |
| rucl marc code | BD-RjUL |
| 005 - DATE AND TIME OF LATEST TRANSACTION | |
| control field | 20211209054608.0 |
| 008 - FIXED-LENGTH DATA ELEMENTS--GENERAL INFORMATION | |
| fixed length control field | 160813s1982 bg a|||| |||| 00| 0 ben d |
| 020 ## - INTERNATIONAL STANDARD BOOK NUMBER | |
| Terms of availability | : Tk. 40.00 |
| 035 ## - SYSTEM CONTROL NUMBER | |
| System control number | (BD-RjUL)48961 |
| 040 ## - CATALOGING SOURCE | |
| Original cataloging agency | BD-RjUL |
| Language of cataloging | ben |
| Transcribing agency | BD-RjUL |
| Modifying agency | BD-RjUL |
| 041 ## - LANGUAGE CODE | |
| Language code of text/sound track or separate title | ben |
| 082 ## - DEWEY DECIMAL CLASSIFICATION NUMBER | |
| Edition number | 23 |
| Classification number | 891.44408 |
| Author mark and year | AMI 1982 |
| 100 1# - MAIN ENTRY--PERSONAL NAME | |
| Personal name | চৌধুরী, আমিনুল ইসলাম |
| 9 (RLIN) | 145974 |
| 245 10 - TITLE STATEMENT | |
| Title | আমিনুল ইসলাম চৌধুরী : |
| Statement of responsibility, etc. | সুকুমার বিশ্বাস, সম্পাদক |
| Remainder of title | নির্বাচিত রচনা সংগ্রহ / |
| 260 ## - PUBLICATION, DISTRIBUTION, ETC. (IMPRINT) | |
| Place of publication, distribution, etc. | ঢাকা : |
| Name of publisher, distributor, etc. | বাংলা একাডেমী, |
| Date of publication, distribution, etc. | ১৯৮২ |
| 300 ## - PHYSICAL DESCRIPTION | |
| Pagination | [৩৬], ২২৪ পৃ. : |
| Size | ২৩ সেমি. |
| Illustrations | চিত্র ; |
| 650 ## - SUBJECT ADDED ENTRY--TOPICAL TERM | |
| Topical term or geographic name as entry element | বাংলা প্রবন্ধ |
| Form subdivision | সংগ্রহ |
| 9 (RLIN) | 137307 |
| Topical term or geographic name as entry element | Bengali Essay |
| Form subdivision | Collection |
| 9 (RLIN) | 145975 |
| 700 ## - ADDED ENTRY--PERSONAL NAME | |
| Personal name | বিশ্বাস, সুকুমার, সম্পাদক |
| 942 ## - ADDED ENTRY ELEMENTS (KOHA) | |
| Source of classification or shelving scheme | Dewey Decimal Classification |
| Koha item type | Books |
| Lost status | Source of classification or shelving scheme | Damaged status | Not for loan | Collection code | Permanent Location | Current Location | Shelving location | Date acquired | Source of acquisition | Cost, normal purchase price | Total Checkouts | Full call number | Date last seen | Copy number | Koha item type |
|---|---|---|---|---|---|---|---|---|---|---|---|---|---|---|---|
| Dewey Decimal Classification | Non-fiction | Central Library, University of Rajshahi | Central Library, University of Rajshahi | 29/12/1984 | Aligore Library, Rajshahi | 40.00 | B 891.44408 AMI 1982 | 16/08/2016 | C-2 | Books | |||||
| Dewey Decimal Classification | Non-fiction | Central Library, University of Rajshahi | Central Library, University of Rajshahi | 29/12/1984 | Aligore Library, Rajshahi | 40.00 | B 891.44408 AMI 1982 | 16/08/2016 | C-3 | Books | |||||
| Dewey Decimal Classification | Non-fiction | Central Library, University of Rajshahi | Central Library, University of Rajshahi | 26/09/1990 | Bangla Academy, Dhaka | 40.00 | B 891.44408 AMI 1982 | 23/08/2016 | C-4 | Books |